|
|
|
|
| LEADER |
00000cam a2200000 a 4500 |
| 001 |
vtls010619948 |
| 003 |
SK-MaSNL |
| 005 |
20260301221736.0 |
| 008 |
240318s2014 xo o g 000 0 slo |
| 015 |
|
|
|a SNBA2014/11
|
| 020 |
|
|
|a 9788089590971
|q (brož.)
|
| 035 |
|
|
|a F97A0795-E006-4313-9141-B86CB0FE856F
|
| 035 |
|
|
|a urn:nbn:sk:snk-amkcwi
|
| 035 |
|
|
|a urn:nbn:sk:snk-am003wfx
|
| 040 |
|
|
|a SNK
|b slo
|c SNK
|e AACR2
|
| 041 |
1 |
|
|a slo
|h hun
|
| 044 |
|
|
|a xo
|c SK
|
| 072 |
|
7 |
|a 74
|x Kresba. Umelecké remeslá
|2 konspekt
|
| 080 |
|
|
|a 391.7
|2 2001
|
| 080 |
|
|
|a 745.5-037
|2 2001
|
| 080 |
|
|
|a 746.22
|2 2001
|
| 080 |
|
|
|a (035)
|2 2001
|
| 080 |
|
|
|a 796.5:746.25
|2 2001
|
| 100 |
1 |
|
|a Katona, Brigitta
|4 aut
|9 427232
|
| 245 |
1 |
0 |
|a Trendové šperky viazanou technikou makramé
|b náušnice, náramky, náhrdelníky
|c [modely, (fotopostup a text): Brigitta Katona ; preklad: Monika Dénesová ; fotografie: Csaba Illyés]
|
| 260 |
|
|
|a [Nové Zámky]
|b Ex book
|c 2014
|
| 300 |
|
|
|a 31 s.
|b fareb. fotogr.
|c 20 cm
|
| 500 |
|
|
|a Pravdepodobne preložené z maďarčiny
|
| 500 |
|
|
|a Miesto vydania uvedené podľa ISBN
|
| 650 |
0 |
7 |
|a šperky
|2 SNKPH
|9 29009
|
| 650 |
0 |
7 |
|a makramé
|2 SNKPH
|9 24973
|
| 650 |
0 |
7 |
|a Adornments
|2 SNKPHeng
|9 275918
|
| 650 |
0 |
7 |
|a módne ozdoby
|2 SNKPH
|9 74160
|
| 650 |
0 |
7 |
|a náramky
|2 SNKPH
|9 427233
|
| 650 |
0 |
7 |
|a Bracelets
|2 SVKPHeng
|9 427234
|
| 650 |
0 |
7 |
|a Jewellery
|2 SNKPHeng
|9 324337
|
| 650 |
0 |
7 |
|a viazanie uzlov
|2 SNKPH
|9 51337
|
| 650 |
0 |
7 |
|a Knotting
|2 SNKPHeng
|9 610443
|
| 655 |
|
7 |
|a príručky
|2 SNKPH
|9 74364
|
| 655 |
|
7 |
|a Handbooks, manuals, etc.
|2 SNKPH
|9 90964
|
| 700 |
1 |
|
|a Dénesová, Monika
|4 trl
|9 336082
|
| 700 |
1 |
|
|a Illyés, Csaba
|4 pht
|9 318496
|
| 852 |
|
|
|a Štátna vedecká knižnica v Banskej Bystrici
|
| 919 |
|
|
|a 978-80-89590-97-1
|
| 958 |
|
|
|a OP
|
| 958 |
|
|
|a HU
|
| 999 |
|
|
|c 937210
|d 939140
|
| 952 |
|
|
|a SNK
|b SNK
|y PREZ
|7 0
|p 17A1117128
|o snkSC 161493
|i snk2014/21333
|8 0
|0 0
|1 0
|4 0
|d 2014-10-10
|f 1
|l 0
|r 2025-08-25 00:00:00
|w 2026-02-24
|
| 952 |
|
|
|a SNK
|b SNK
|y VYP
|7 0
|p 17A1117129
|o snkSC 161493 D1
|i snk2014/21334
|8 0
|0 0
|1 0
|4 0
|d 2014-10-10
|l 0
|r 2026-02-24 09:07:33
|w 2026-02-24
|